Statistics for Flags of Countries that Border Germany - 30 Second Sprint

Click here to take the quiz!

General Stats

  • This quiz has been taken 332 times
  • The average score is 8 of 9

Answer Stats

flagcountry% Correct
France
100%
Switzerland
99%
Netherlands
95%
Denmark
92%
Luxembourg
89%
Austria
88%
Poland
87%
Belgium
85%
Czechia
74%

Score Distribution

Percentile by Number Answered

Percent of People with Each Score

Your Score History

You have not taken this quiz